Ekonomický návrh priemerov závlahovej rúrovej siete v programe Excel

Guardado en:
Detalles Bibliográficos
Autor principal: Čistý, Tomáš, 1989- (Autor)
Otros Autores: Bajtek, Zbyněk, 1980- (Orientador)
Formato: Manuscrito Libro
Lenguaje:eslovaco
Publicado: Bratislava : STU v Bratislave SvF, 2014
Materias:
Acceso en línea:VAIS
Etiquetas: Agregar Etiqueta
Sin Etiquetas, Sea el primero en etiquetar este registro!

MARC

LEADER 00000ntm a22000003a 4500
001 stu297179
005 20150617230311.0
008 140919s2014----xo------------------slo-d
040 |a STU  |b slo 
041 0 |a slo 
044 |a xo 
100 1 |a Čistý, Tomáš,  |d 1989-  |4 aut  |u V  |T SvF Stavebná fakulta  |X 57959  |U V  |Y 10  |7 A000057959 
242 0 0 |a Economical design of the irrigation network by Excel  |y eng 
245 1 |a Ekonomický návrh priemerov závlahovej rúrovej siete v programe Excel 
260 |a Bratislava :  |b STU v Bratislave SvF,  |c 2014 
650 7 |a irrigation  |2 estusub 
700 1 |a Bajtek, Zbyněk,  |d 1980-  |4 ths  |u V160  |U SvF Stavebná fakulta  |T SvF Katedra vodného hospodárstva krajiny  |X 42579  |U V160  |Y 16  |7 A000042579 
856 4 |a info a plný text  |u http://is.stuba.sk/zp/portal_zp.pl?podrobnosti=99904  |3 VAIS